Statistiken für Attacke auf Titanen

Klicken Sie hier um das Quiz zu spielen!

Allgemein

  • Dieses Quiz wurde 17 mal gespielt
  • Das Durchschnittsergebnis liegt bei 5 aus 15

Antwortstatistiken

FrageAntwort% Korrekt
ja69
79%
Das Quiz ist vorbei, nummer 69 ist jetzt immer richtig69
79%
Was ist MikasaEine Waifu
64%
Wer ist der StärksteLevi
64%
Bester ShipEren x Mikasa
57%
Wer ist der coolste?Eren N ega
36%
Was ist Erens Vater?Grisha Yeager
36%
War das ein gutes QuizJa
29%
Ist das eine Frage!WTF
29%
Ist mir langweiligJa
21%
Sind Berthold und Reiner cool?Ja
14%
Ist Attack On Titan besser als Demon SlayerKeine Chance
14%
Ist Eren Jäger Protagonist und Antagonist?Nein
14%
wie heißen die mauern?Shiganshina, Maria, Rose
7%
Ackermann oder Jäger?Yeager
0%

Verteilung der Resultate

Perzentil nach korrekt beantworteten Fragen

Anzahl Personen mit jedem Resultat

Ihre Resultats-Entwicklung

Sie haben dieses Quiz noch nicht gespielt